| 000 | 00872nam a22002537a 4500 | ||
|---|---|---|---|
| 005 | 20170124102944.0 | ||
| 010 | _a197667 | ||
| 020 | _c00.00 | ||
| 035 | _a197667 | ||
| 037 | _bCen Lib/Ret | ||
| 040 |
_aDPL _bHN |
||
| 082 |
_a821 _bरतन |
||
| 100 |
_aरतन, श्री _92233 |
||
| 245 |
_aमीरा / _cश्री रतन |
||
| 246 |
_aMeera / _bby Shri Ratan |
||
| 260 |
_aइलाहाबाद _bरामनारायण लाल बेनी माधव _c1961 |
||
| 270 | _bइलाहाबाद | ||
| 300 |
_a85पृ. _c17सेमी (सजिल्द) |
||
| 650 |
_aहिन्दी -- साहित्य _949250 |
||
| 650 |
_aहिन्दी -- काव्य _9779 |
||
| 650 |
_aHindi - literature _949251 |
||
| 650 |
_aHindi -- Poetry _949252 |
||
| 942 |
_2ddc _cHN _h821 _mरतन |
||
| 999 |
_c112804 _d112804 |
||